000 00944nam a2200265 a 4500
001 27137
003 BD-RjUL
005 20211209051122.0
008 140324t1965 stk 001 0 eng d
035 _a(BD-RjUL)27208
040 _aDLC
_beng
_cDLC
_dBD-RjUL
041 _aeng
082 0 4 _a962.403
_218
_bSAE 1965
100 1 _aSanderson, Neville.
_983316
245 1 0 _aEngland, Europe & the Upper Nile, 1882-1899 :
_ba study in the partition of Africa /
_cG.N. Sanderson.
246 3 _aEngland, Europe and the Upper Nile, 1882-1899
260 _aEdinburgh :
_bEdinburgh University Press,
_c1965.
300 _axiv, 457 p. :
_bill. ;
_c26 cm.
490 1 _aEdinburgh University publications. History, philosophy & economics ;
_v18
504 _aIncludes bibliographical reference and index.
651 0 _aSudan
_xHistory
_y1881-1899.
_982848
830 0 _v18
_983323
830 0 _aEdinburgh University publications.
_983324
942 _2ddc
_cBK
999 _c27137
_d27137